RICS Practice Alert - RAAC in Scottish residential property (Record no. 122244)

MARC details
000 -LEADER
fixed length control field 01199nam a22002657a 4500
005 - DATE AND TIME OF LATEST TRANSACTION
control field 20260218093751.0
008 - FIXED-LENGTH DATA ELEMENTS--GENERAL INFORMATION
fixed length control field 260218e20260210xxk|||||o|||| 00| 0 eng d
041 ## - LANGUAGE CODE
Language code of text/sound track or separate title eng
110 ## - MAIN ENTRY--CORPORATE NAME
Corporate author Royal Institution of Chartered Surveyors
245 ## - TITLE STATEMENT
Title RICS Practice Alert - RAAC in Scottish residential property
Medium [Email update]
260 ## - PUBLICATION INFORMATION
Place of publication London,
Publisher Royal Institution of Chartered Surveyors,
Date 4 February 2026
300 ## - PHYSICAL DESCRIPTION
Physical description email
490 ## - SERIES TITLE
Series statement RICS Practice Alert
520 ## - ABSTRACT
Abstract This Alert is to notify all RICS members, RICS-regulated firms and candidates in Scotland of new guidance relating to reinforced autoclaved aerated concrete (RAAC) roof panel construction in Scottish residential property.
650 ## - KEYWORDS
Keywords BUILDING SAFETY
650 ## - KEYWORDS
Keywords BUILDING DEFECTS
650 ## - KEYWORDS
Keywords CONCRETE
650 ## - KEYWORDS
Keywords REINFORCED AUTOCLAVED AERATED CONCRETE
650 ## - KEYWORDS
Keywords RESIDENTIAL PROPERTY
651 ## - SUBJECT ADDED ENTRY--GEOGRAPHIC NAME
Geographic name Scotland
690 ## - BROAD SUBJECT
Broad subject Building control
9 (RLIN) 6222
710 ## - ADDED CORPORATE NAME
Added corporate author Royal Institution of Chartered Surveyors
856 ## - ONLINE RESOURCE
Uniform Resource Identifier <a href="https://www.rics.org/content/dam/ricsglobal/documents/regulation/RICS-Practice-Alert_RAAC-in-Scottish-residential-property_February-2026.pdf">https://www.rics.org/content/dam/ricsglobal/documents/regulation/RICS-Practice-Alert_RAAC-in-Scottish-residential-property_February-2026.pdf</a>
Public note View the online Practice Update
942 ## - ADDED ENTRY ELEMENTS (KOHA)
Suppress in OPAC Do not suppress in OPAC
Holdings
Lost status Damaged status Not for loan Current library Shelving location Date acquired Total Checkouts Full call number Date last seen Price effective from Koha item type
      Virtual Online 18/02/2026   email 18/02/2026 18/02/2026 email